[Event "Eindhoven WLC op 15th"]
[Site "Eindhoven"]
[Date "2025.05.18"]
[Round "6"]
[White "Ganeshram, Nirupa"]
[Black "Chua, Ethan"]
[Result "0-1"]
[WhiteElo "1907"]
[BlackElo "2072"]
[PlyCount "104"]
[EventDate "2025.05.16"]
[EventType "swiss"]
[EventRounds "6"]
[EventCountry "NED"]
[SourceTitle "CB21_2025"]
[SourceDate "2025.05.21"]
[SourceVersion "1"]
[SourceVersionDate "2025.05.21"]
[SourceQuality "1"]

1. e4 c5 2. Nf3 Nc6 3. c3 d5 4. exd5 Qxd5 5. d4 Nf6 6. Na3 Bg4 7. Be2 cxd4 8. cxd4 e6 9. Nc2 Qd6 10. 0-0 Nd5 11. Ne5 Bxe2 12. Qxe2 Be7 13. Rd1 0-0 14. g3 Rac8 15. Nc4 Qc7 16. N2e3 Rfd8 17. a3 Nxe3 18. Bxe3 Bf6 19. Bf4 Qe7 20. Bd6 Rxd6 21. Nxd6 Qxd6 22. d5 exd5 23. Qb5 d4 24. Rac1 Qd7 25. b4 Rd8 26. f4 d3 27. Kg2 a6 28. Qc4 h5 29. Rd2 Qf5 30. Rcd1 Rd4 31. Qb3 Qe4+ 32. Kh3 h4 33. Rxd3 Qf5+ 34. Kg2 h3+ 35. Kf2 Qe4 36. R3d2 Qg2+ 37. Ke3 Re4+ 38. Kd3 Qf3+ 39. Kc2 Nd4+ 40. Rxd4 Qxb3+ 41. Kxb3 Rxd4 42. Rc1 Rd2 43. Rd1 Rd4 44. Rc1 Rd2 45. Rh1 b5 46. a4 Rd3+ 47. Kc2 Rc3+ 48. Kd2 bxa4 49. g4 g6 50. f5 gxf5 51. gxf5 a3 52. Rg1+ Kf8 0-1

[Event "Eindhoven WLC op 15th"]
[Site "Eindhoven"]
[Date "2025.05.17"]
[Round "2"]
[White "Madularea, David"]
[Black "Chua, Ethan"]
[Result "0-1"]
[WhiteElo "2225"]
[BlackElo "2072"]
[PlyCount "94"]
[EventDate "2025.05.16"]
[EventType "swiss"]
[EventRounds "6"]
[EventCountry "NED"]
[SourceTitle "CB21_2025"]
[SourceDate "2025.05.21"]
[SourceVersion "1"]
[SourceVersionDate "2025.05.21"]
[SourceQuality "1"]

1. e4 c5 2. Nc3 Nc6 3. Nge2 Nd4 4. Nxd4 cxd4 5. Ne2 e5 6. c3 dxc3 7. bxc3 d5 8. Ng3 Nf6 9. Rb1 h5 10. exd5 h4 11. Bb5+ Bd7 12. Nf1 Nxd5 13. Qf3 a6 14. Bxd7+ Qxd7 15. Ne3 Nxe3 16. Rxb7 Qd5 17. Qxd5 Nxd5 18. 0-0 Bd6 19. d4 exd4 20. Re1+ Ne7 21. Bf4 0-0-0 22. Rexe7 Bxf4 23. cxd4 Rxd4 24. g3 h3 25. Kf1 Bd6 26. Rxf7 Re8 27. Rb1 g5 28. Rf5 g4 29. Ra5 Rb4 30. Rc1+ Kb7 31. Rd5 Re6 32. Rcd1 Bc7 33. R5d2 Bb6 34. Rc1 a5 35. Rcd1 Ka6 36. Rc2 Ree4 37. Rdc1 Kb5 38. Rd1 Ka4 39. Ra1 Rbc4 40. Rd2 Rc3 41. Rb1 Bc5 42. Rbd1 Ka3 43. Rb1 Rb4 44. Re1 Rf3 45. Rc1 Bd4 46. Rcd1 Bb2 47. Rd5 a4 0-1

[Event "Eindhoven WLC op 15th"]
[Site "Eindhoven"]
[Date "2025.05.17"]
[Round "4"]
[White "Terlouw, Wouter"]
[Black "Chua, Ethan"]
[Result "1-0"]
[WhiteElo "2227"]
[BlackElo "2072"]
[PlyCount "89"]
[EventDate "2025.05.16"]
[EventType "swiss"]
[EventRounds "6"]
[EventCountry "NED"]
[SourceTitle "CB21_2025"]
[SourceDate "2025.05.21"]
[SourceVersion "1"]
[SourceVersionDate "2025.05.21"]
[SourceQuality "1"]

1. d4 Nf6 2. Nf3 g6 3. g3 Bg7 4. Bg2 0-0 5. 0-0 d6 6. b3 c5 7. Bb2 Ne4 8. Qc1 cxd4 9. Nxd4 Nc5 10. c4 Qb6 11. Rd1 Nc6 12. Nc2 Bd7 13. Ne3 Ne5 14. Nc3 Rac8 15. Ncd5 Qd8 16. Bd4 b5 17. f4 Ned3 18. Qc3 b4 19. Bxg7 bxc3 20. Bxf8 Kxf8 21. exd3 Bc6 22. d4 Nd7 23. Nxc3 Bxg2 24. Kxg2 h5 25. Rac1 Nf6 26. f5 Qd7 27. fxg6 fxg6 28. Rf1 Kg8 29. Rce1 Re8 30. Ned5 Kg7 31. Rf3 Nh7 32. Ne4 Rf8 33. Nef6 exf6 34. Re7+ Qxe7 35. Nxe7 Re8 36. Nd5 Re4 37. c5 dxc5 38. dxc5 Rd4 39. Nf4 Ng5 40. c6 Rd6 41. Rc3 Rd2+ 42. Kf1 Ne4 43. c7 Rd1+ 44. Kg2 Rd2+ 45. Kf3 1-0

[Event "Helmond Rapid op"]
[Site "Helmond"]
[Date "2025.05.03"]
[Round "7"]
[White "Chua, Ethan"]
[Black "Kriens, Hans"]
[Result "1-0"]
[WhiteElo "2072"]
[BlackElo "1878"]
[PlyCount "56"]
[EventDate "2025.05.03"]
[EventType "swiss (rapid)"]
[EventRounds "9"]
[EventCountry "NED"]
[SourceTitle "CB19_2025"]
[SourceDate "2025.05.07"]
[SourceVersion "1"]
[SourceVersionDate "2025.05.07"]
[SourceQuality "1"]

1. e4 c5 2. Nf3 a6 3. d4 cxd4 4. Nxd4 Nc6 5. Nc3 e5 6. Nf5 Nf6 7. Nd6+ Bxd6 8. Qxd6 Qe7 9. Qd1 d6 10. Bg5 Be6 11. Nd5 Bxd5 12. exd5 Nb8 13. Be2 Nbd7 14. 0-0 0-0 15. c4 Nc5 16. Rc1 Rac8 17. b4 Nce4 18. Be3 Nd7 19. f3 Nef6 20. c5 e4 21. f4 Rfd8 22. c6 bxc6 23. dxc6 Nb8 24. Bb6 Nxc6 25. Bxd8 Qxd8 26. Kh1 Qb6 27. Qxd6 Ne8 28. Qd7 Nf6 1-0

[Event "Krefeld Easter op"]
[Site "Krefeld"]
[Date "2025.04.20"]
[Round "6"]
[White "Chua, Ethan"]
[Black "Krueger, Andre"]
[Result "1-0"]
[WhiteElo "2121"]
[BlackElo "2012"]
[PlyCount "33"]
[EventDate "2025.04.17"]
[EventType "swiss"]
[EventRounds "9"]
[EventCountry "GER"]
[SourceTitle "CB17_2025"]
[SourceDate "2025.04.23"]
[SourceVersion "1"]
[SourceVersionDate "2025.04.23"]
[SourceQuality "1"]

1. e4 c5 2. Nf3 Nc6 3. d4 cxd4 4. Nxd4 Qb6 5. Nb3 e6 6. Be3 Qc7 7. Nc3 a6 8. Qd2 Nf6 9. f3 b5 10. g4 h6 11. 0-0-0 Bb4 12. Kb1 Rb8 13. h4 Ne5 14. Bf4 d6 15. Nxb5 Bxd2 16. Nxc7+ Kd7 17. Bxe5 1-0

[Event "Krefeld Easter op"]
[Site "Krefeld"]
[Date "2025.04.19"]
[Round "4"]
[White "Chua, Ethan"]
[Black "Heider, Niklas"]
[Result "1-0"]
[WhiteElo "2121"]
[BlackElo "1869"]
[PlyCount "135"]
[EventDate "2025.04.17"]
[EventType "swiss"]
[EventRounds "9"]
[EventCountry "GER"]
[SourceTitle "CB17_2025"]
[SourceDate "2025.04.23"]
[SourceVersion "1"]
[SourceVersionDate "2025.04.23"]
[SourceQuality "1"]

1. e4 c5 2. Nc3 Nc6 3. Nge2 Nf6 4. d4 cxd4 5. Nxd4 e5 6. Ndb5 d6 7. Bg5 a6 8. Na3 b5 9. Bxf6 gxf6 10. Nd5 f5 11. Bd3 Be6 12. Qh5 Bg7 13. 0-0 f4 14. c4 b4 15. Nc2 a5 16. b3 Rb8 17. a3 bxa3 18. Rxa3 0-0 19. g3 fxg3 20. fxg3 h6 21. h4 Ne7 22. Nde3 f6 23. Kh2 Bf7 24. Qf3 Kh8 25. Rb1 Qc7 26. Qe2 Be6 27. Nf5 Bxf5 28. exf5 d5 29. cxd5 Nxd5 30. Rf1 Rfe8 31. Bc4 Red8 32. Rf3 Bf8 33. Ra1 Nb4 34. Nxb4 Bxb4 35. Rd1 Rxd1 36. Qxd1 Rd8 37. Rd3 Rxd3 38. Qxd3 Qd6 39. Qf3 Qf8 40. g4 Qg7 41. Kh3 Bd2 42. Qd5 Bb4 43. Qf3 Kh7 44. Be6 Qc7 45. Bc4 Qg7 46. Qe4 Kh8 47. Qc6 Kh7 48. Qe8 Qf8 49. Qg6+ Kh8 50. g5 hxg5 51. hxg5 fxg5 52. Qh5+ Kg7 53. Qxg5+ Kh7 54. Qg6+ Kh8 55. f6 Bd2 56. Kg4 Qc8+ 57. Kg3 Bf4+ 58. Kh4 Qf8 59. Qf5 Qh6+ 60. Kg4 Qf8 61. Qh5+ Bh6 62. Qxe5 Qc8+ 63. Kh4 Qd8 64. Kh5 Qf8 65. Qe7 a4 66. Kg6 Bg7 67. Qxg7+ Qxg7+ 68. fxg7# 1-0

[Event "Wch U14"]
[Site "Florianopolis"]
[Date "2024.11.02"]
[Round "5"]
[White "Battistelli, Fausto"]
[Black "Chua, Ethan"]
[Result "1/2-1/2"]
[WhiteElo "2025"]
[BlackElo "2137"]
[PlyCount "55"]
[EventDate "2024.10.29"]
[EventType "swiss"]
[EventRounds "11"]
[EventCountry "BRA"]
[SourceTitle "CB45_2024"]
[Source "ChessBase"]
[SourceDate "2024.11.06"]
[SourceVersion "1"]
[SourceVersionDate "2024.11.06"]
[SourceQuality "1"]

1. e4 c5 2. c3 d5 3. exd5 Qxd5 4. d4 Nf6 5. Nf3 e6 6. Be3 cxd4 7. cxd4 Nc6 8. Nc3 Qd8 9. a3 Be7 10. Bd3 0-0 11. 0-0 b6 12. Qe2 Bb7 13. Rad1 Rc8 14. Rfe1 Nd5 15. Nxd5 Qxd5 16. Bc4 Qh5 17. d5 Na5 18. Ba2 Bxd5 19. Bxd5 exd5 20. Bxb6 axb6 21. Qxe7 Rfd8 22. Re5 Qh6 23. Rde1 Qc6 24. Nd4 Qc5 25. Nf5 Nc6 26. Qg5 Qf8 27. R5e3 f6 28. Qf4 1/2-1/2

[Event "Wch U14"]
[Site "Florianopolis"]
[Date "2024.10.30"]
[Round "2"]
[White "Chua, Ethan"]
[Black "Calcada, Lucas Galvan"]
[Result "1/2-1/2"]
[WhiteElo "2137"]
[BlackElo "1961"]
[PlyCount "76"]
[EventDate "2024.10.29"]
[EventType "swiss"]
[EventRounds "11"]
[EventCountry "BRA"]
[SourceTitle "CB45_2024"]
[Source "ChessBase"]
[SourceDate "2024.11.06"]
[SourceVersion "1"]
[SourceVersionDate "2024.11.06"]
[SourceQuality "1"]

1. e4 c5 2. Nf3 d6 3. d4 cxd4 4. Nxd4 Nf6 5. Nc3 a6 6. f3 e5 7. Nb3 Be7 8. Be3 Be6 9. Qd2 h5 10. Nd5 Nxd5 11. exd5 Bf5 12. Be2 Nd7 13. Na5 Qc7 14. c4 Bh4+ 15. g3 Bd8 16. b4 Qb8 17. Nb3 a5 18. bxa5 b6 19. axb6 Bxb6 20. 0-0 Qa7 21. Bxb6 Qxb6+ 22. Kg2 f6 23. Bd3 Bxd3 24. Qxd3 Kf7 25. Qf5 Nf8 26. f4 Re8 27. c5 Qb5 28. Rae1 Ng6 29. fxe5 Nxe5 30. h3 Nc4 31. Nd4 Qb2+ 32. Rf2 Qxd4 33. Qd7+ Kg6 34. Rxe8 Qxd5+ 35. Kh2 Qxc5 36. Rf5 Ne5 37. Rfxe5 Qf2+ 38. Kh1 Qf1+ 1/2-1/2

[Event "Helmond Rapid op"]
[Site "Helmond"]
[Date "2024.06.15"]
[Round "1"]
[White "Chua, Ethan"]
[Black "Ganeshram, Nirupa"]
[Result "1/2-1/2"]
[WhiteElo "2148"]
[BlackElo "1712"]
[PlyCount "62"]
[EventDate "2024.06.15"]
[EventType "swiss (rapid)"]
[EventRounds "9"]
[EventCountry "NED"]
[SourceTitle "CBM 220 Extra"]
[Source "ChessBase"]
[SourceDate "2024.07.31"]
[SourceVersion "1"]
[SourceVersionDate "2024.07.31"]
[SourceQuality "1"]

1. e4 c5 2. Nf3 d6 3. d4 cxd4 4. Nxd4 Nf6 5. Nc3 g6 6. Be3 Bg7 7. f3 0-0 8. Qd2 Nc6 9. g4 Nd7 10. 0-0-0 Nb6 11. Kb1 Ne5 12. Bh6 Bd7 13. h4 Nec4 14. Qc1 Rc8 15. h5 Na3+ 16. bxa3 Bxd4 17. Rxd4 Rxc3 18. hxg6 fxg6 19. Bxf8 Qxf8 20. Be2 Ba4 21. Rd2 e5 22. Bd3 d5 23. Rdh2 Rxa3 24. Rxh7 Qc5 25. Rh8+ Kf7 26. R1h7+ Kf6 27. g5+ Ke6 28. Rg8 Qb4+ 29. Qb2 Qe1+ 30. Qc1 Qb4+ 31. Qb2 Qe1+ 1/2-1/2

[Event "Helmond Rapid op"]
[Site "Helmond"]
[Date "2024.06.15"]
[Round "9"]
[White "Chua, Ethan"]
[Black "Van T Hoff, Tom"]
[Result "0-1"]
[WhiteElo "2148"]
[BlackElo "1969"]
[PlyCount "74"]
[EventDate "2024.06.15"]
[EventType "swiss (rapid)"]
[EventRounds "9"]
[EventCountry "NED"]
[SourceTitle "CBM 220 Extra"]
[Source "ChessBase"]
[SourceDate "2024.07.31"]
[SourceVersion "1"]
[SourceVersionDate "2024.07.31"]
[SourceQuality "1"]

1. e4 c5 2. Nf3 Nc6 3. d4 cxd4 4. Nxd4 Nf6 5. Nc3 e5 6. Ndb5 d6 7. Bg5 a6 8. Na3 b5 9. Bxf6 gxf6 10. Nd5 Bg7 11. c3 f5 12. Bd3 Ne7 13. Nxe7 Qxe7 14. Qh5 d5 15. f3 b4 16. Nb1 0-0 17. 0-0 Qc5+ 18. Kh1 Qe3 19. Rd1 dxe4 20. fxe4 Bb7 21. cxb4 Rad8 22. Qe2 Qxe2 23. Bxe2 Rxd1+ 24. Bxd1 fxe4 25. Na3 f5 26. b5 f4 27. bxa6 Bxa6 28. b4 Bd3 29. Bb3+ Kh8 30. Bc2 Ra8 31. Bxd3 exd3 32. Nc4 e4 33. Rb1 Rxa2 34. b5 Ra1 35. Rxa1 Bxa1 36. b6 Be5 37. b7 Bb8 0-1